000 00556nam a2200205Ia 4500
003 OSt
005 20220926041022.0
006 a|||||r|||| 00| 0
007 ta
008 220923b |||||||| |||| 00| 0 eng d
037 _cGeneral Book
040 _aRTL
_cRTL
_beng
041 _2eng
_aeng
082 _aX, J4,J4;J9-;1
100 _aAllen Clark Lee, and others
_9342229
245 0 _aPrices, income and public policy
250 _aEd.2
942 _hX, J4,J4;J9-;1
_cGB
_2CC
999 _c666205
_d666205